|
|
|
|
| LEADER |
03214nam a2200661 a 4500 |
| 001 |
nkc20122379888 |
| 003 |
CZ PrNK |
| 005 |
20170609111752.0 |
| 007 |
ta |
| 008 |
120717s2012 xr ach e c 100 0ceng |
| 015 |
|
|
|a cnb002379888
|
| 020 |
|
|
|a 978-80-7027-250-3
|q (brož.)
|
| 035 |
|
|
|a (OCoLC)815377015
|
| 040 |
|
|
|a ABA001
|b cze
|
| 041 |
1 |
|
|a eng
|a cze
|h eng
|
| 043 |
|
|
|a e-ne---
|
| 045 |
|
|
|a x6x6
|
| 072 |
|
7 |
|a 76
|x Grafické umění. Grafika
|2 Konspekt
|9 21
|
| 080 |
|
|
|a 329.285
|2 MRF
|
| 080 |
|
|
|a 7.036/.038-027.522
|2 MRF
|
| 080 |
|
|
|a 766:655
|2 MRF
|
| 080 |
|
|
|a 7.038.54
|2 MRF
|
| 080 |
|
|
|a (492)
|2 MRF
|
| 080 |
|
|
|a (083.824)
|2 MRF
|
| 111 |
2 |
|
|a Mezinárodní bienále grafického designu (výstava)
|n (25. :
|d 2012 :
|c Brno, Česko)
|7 kn20120720010
|
| 245 |
1 |
0 |
|a Two or three things I know about Provo :
|b Brno edition : [Moravská galerie v Brně, Pražákův Palác, 22.6.-28.10.2012] /
|c an exhibition curated by Experimental Jetset, for the 25th International Biennial of Graphic Design, Brno 2012 ; catalogue includes contributions by Johannes Schwartz and Auke Boersma = [Dvě nebo tři věci, co vím o Provo : brněnská verze : Moravská galerie v Brně, Pražákův Palác, 22.6.-28.10.2012 / pro 25. mezinárodní bienále grafického designu Brno 2012 připravilo studio Experimental Jetset ; do katalogu přispěli Johannes Schwartz a Auke Boersma]
|
| 246 |
3 |
0 |
|a Provo
|
| 246 |
3 |
1 |
|a Dvě nebo tři věci, co vím o Provo
|
| 260 |
|
|
|a V Brně :
|b Moravská galerie,
|c 2012
|
| 300 |
|
|
|a 64 s. :
|b il., portréty, faksim. ;
|c 21 cm
|
| 500 |
|
|
|a Název z obálky
|
| 500 |
|
|
|a Část. tištěno napříč
|
| 500 |
|
|
|a 700 výt.
|
| 546 |
|
|
|a Souběžný český text
|
| 610 |
2 |
7 |
|a Provo (organizace)
|7 mzk2012711456
|2 czenas
|
| 648 |
|
7 |
|a 20. století
|7 ch460558
|2 czenas
|
| 648 |
|
4 |
|a 1965-1967
|
| 650 |
0 |
7 |
|a anarchismus
|7 ph118417
|z Nizozemsko
|y 20. století
|2 czenas
|
| 650 |
0 |
7 |
|a umělecká hnutí
|7 ph596305
|z Nizozemsko
|y 20. století
|2 czenas
|
| 650 |
0 |
7 |
|a grafický design
|7 ph116550
|z Nizozemsko
|y 20. století
|2 czenas
|
| 650 |
0 |
7 |
|a konceptuální umění
|7 ph121783
|z Nizozemsko
|y 20. století
|2 czenas
|
| 650 |
0 |
9 |
|a anarchism
|z Netherlands
|y 20th century
|2 eczenas
|
| 650 |
0 |
9 |
|a art movements
|z Netherlands
|y 20th century
|2 eczenas
|
| 650 |
0 |
9 |
|a graphic design
|z Netherlands
|y 20th century
|2 eczenas
|
| 650 |
0 |
9 |
|a conceptual art
|z Netherlands
|y 20th century
|2 eczenas
|
| 655 |
|
7 |
|a katalogy výstav
|7 fd132536
|2 czenas
|
| 655 |
|
9 |
|a exhibition catalogs
|2 eczenas
|
| 700 |
1 |
|
|a Schwartz, Johannes,
|d 1970-
|7 hka2012715354
|4 wfw
|
| 700 |
1 |
|
|a Boersma, Auke,
|d 1946-
|7 hka2012715547
|4 wfw
|
| 710 |
2 |
|
|a Experimental Jetset (firma)
|7 kn20120720011
|
| 710 |
2 |
|
|a Moravská galerie (Brno, Česko).
|b Pražákův palác
|7 kn20021111005
|
| 856 |
4 |
1 |
|u http://www.digitalniknihovna.cz/mzk/uuid/uuid:f8633aa0-adc6-11e4-a7a2-005056827e51
|y Digitalizovaný dokument
|x NDK
|
| 910 |
2 |
|
|a BOA001
|b 2-1288.424
|
| 990 |
|
|
|a BK
|
| 995 |
|
|
|a 01
|
| 991 |
|
|
|b 201207
|c NOV
|e n
|g g
|
| 996 |
6 |
|
|b 2610515980
|c 2-1288.424
|l MZK
|r Sklad / do 1 hodiny
|n 0
|p p.v.
|w 001265794
|u 000010
|a 1
|e BOA001
|j MZK50
|s P
|
| 996 |
7 |
|
|b 2610515981
|c 2-1288.424
|l MZK
|r Sklad / do 1 hodiny
|n 3
|p p.v.
|w 001265794
|u 000020
|a 1
|e BOA001
|j MZK50
|s A
|